000 02284nam a2200301Ia 4500
999 _c46224
_d46224
001 13057
003 GE_BSU
005 20240823132641.0
008 181216s||||||||xx |||||||||||||| ||und||
020 _a9789941070501
040 _cGE_BSU
041 _ageo
080 _a338.43:633/635+338.43:636 მ-30
100 _aმარგალიტაძე, რომან
_923109
245 _aმემცენარეობის და მეცხოველეობის პროდუქტების წარმოების ტექნოლოგიური პროცესების ეკონომიკური შეფასება :
_b[სახელმძღვ.] /
_cრომან მარგალიტაძე, ვახტანგ გოლიაძე ; რედ. რეზო ჯაბნიძე ; The European Union, ENPARD, UNDP, [ა(ა)იპ აგროსერვის ცენტრი].
264 _aბათუმი :
_b(ი/მ ნინო სულხანიშვილი),
_c2014.
300 _a262 გვ. :
_bცხრ. ;
_c29 სმ.
500 _aშედგენილია გაეროს განვითარების პროგრამის (UNDP) ხელშეწყობითა და დაფინანსებით ("ENPARD აჭარა - სოფლის მეურნეობის განვითარების მხარდაჭერა აჭარის ავტონომიურ რესპუბლიკაში")
500 _aგარეკანზე და თავფურ. ავტ. აღნიშნულნი არ არიან
504 _aბიბლიოგრ. : გვ. 59
541 _h5ლ.67თ.
653 _aმემცენარეობის პროდუქტების წარმოება
653 _aმეცხოველეობის პროდუქტების წარმოება
700 _aგოლიაძე, ვ. (ვახტანგ)
_eავტორი
_923110
700 _aჯაბნიძე, რ. (რეზო),
_eრედაქტორი
_923111
710 _aThe European Union, ENPARD, UNDP
_923112
942 _cBK
_2udc